Score 0/41 Timer 03:00
1 Play Today
Hint 4-Letter Word % Correct
Homer and Marge's sonBART
92.1%
▼ Ernie's friend on 'Sesame Street' ▼✵ BERT ✵
90.5%
Farm structureBARN
90.2%
Opposite of fastSLOW
90%
One of 18 on a golf courseHOLE
89.9%
Sunrise or the start of a new dayDAWN
89.4%
Bodily response to being tiredYAWN
88.9%
A cat's or knitter's choice materialYARN
88.8%
Switzerland's capitalBERN
88%
A part in a movie or playROLE
87.8%
Residential area smaller than a cityTOWN
87.6%
▼ Depressed or the inside of a pillow ▼✵ DOWN ✵
86.7%
Thin hole for a coin or tokenSLOT
86%
To stop immediatelyHALT
85.9%
Bugs Bunny or Elmer Fudd, e.g.TOON
84.8%
▼ Where your leg bends ▼✵ KNEE ✵
84.3%
Imminent, happening shortlySOON
84.1%
Byproduct of burning coalSOOT
82.5%
Famous professional wrestler Bret 'The Hitman'HART
81%
Revolutionary Nathan or actor TonyHALE
80.5%
To give nourishment to a creatureFEED
72.9%
Hint 4-Letter Word % Correct
▼ It's between May and July ▼✵ JUNE ✵
72.1%
To run away, escapeFLEE
72%
Toon father of PebblesFRED
70.9%
'I Whistle a Happy ____'TUNE
69.9%
One if by ____, two if by seaLAND
69.1%
To loan something to a borrowerLEND
68.5%
Section of a highway accomodating one vehicleLANE
68.1%
Fonda or Seymour, e.g.JANE
67.8%
'____ for yourself' (provide)FEND
67.7%
Like many samplesFREE
66.4%
Swiss-German modernist artist PaulKLEE
64%
Quality or character of soundTONE
59.5%
King's, graduation, bath, e.g.ROBE
58.2%
RippedTORE
55.4%
Neverland pirate and Hook's mateSMEE
54.8%
Dagger of yoreSNEE
52.3%
▼ Eldest Stark son killed at Red Wedding ▼✵ ROBB ✵
50.1%
▼ Describing days of long ago ▼✵ YORE ✵
49.9%
Large quantitySLEW
44.5%
River duckSMEW
36.1%

Today's Daily Dose

Remove Ads.
Support Sporcle.
Get the best of Sporcle when you Go Orange. This ad-free experience offers more features, more stats, and more fun while also helping to support Sporcle. Thank you for becoming a member.

You're not logged in!

Compare scores with friends on all Sporcle quizzes.
OR
Log In

Show Comments

Extras

Top Quizzes Today


Score Distribution

Your Account Isn't Verified!

In order to create a playlist on Sporcle, you need to verify the email address you used during registration. Go to your Sporcle Settings to finish the process.

Report this User

Report this user for behavior that violates our Community Guidelines.

Details: